| 000 | 00650nam a2200205 b 4500 | ||
|---|---|---|---|
| 001 | 00000000041779 | ||
| 003 | OSt | ||
| 005 | 20170807161202.0 | ||
| 008 | 020226s1970 esp 000 0 spa d | ||
| 040 | _cBMC | ||
| 082 | _a920 Ramón y Cajal, Santiago | ||
| 100 |
_9141 _aRamón y Cajal, Santiago _d1852-1934 |
||
| 245 | 1 | 3 |
_aEl mundo visto a los ochenta años _b: impresiones de un arteriosclerótico _cSantiago Ramón y Cajal |
| 250 | _a8ª ed | ||
| 260 |
_aMadrid _bEspasa-Calpe _c1970 |
||
| 300 |
_a212 p. _c18 cm |
||
| 490 |
_aAustral _v214 |
||
| 600 |
_9392 _aRamón y Cajal, Santiago _d1852-1934 _xBiografias |
||
| 942 |
_2ddc _cBK _hprozim |
||
| 999 |
_c161 _d161 |
||